书目信息 |
| 题名: |
线性代数与解析几何
|
|
| 作者: | 李晓艳 , 魏晓娜 , 李永军 主编 | |
| 分册: | ||
| 出版信息: | 上海 上海财经大学出版社 2017.3 |
|
| 页数: | 266页 | |
| 开本: | 26cm | |
| 丛书名: | 普通高等教育“十三五”规划教材 | |
| 单 册: | ||
| 中图分类: | O151.2 , O182 | |
| 科图分类: | ||
| 主题词: | 线性代数--高等学校--教材 , 解析几何--高等学校--教材 | |
| 电子资源: | ||
| ISBN: | 978-7-5642-2673-2 | |
| 000 | 01190oam2 2200313 450 | |
| 001 | 0400001535 | |
| 005 | 20171018161336.0 | |
| 010 | @a978-7-5642-2673-2@dCNY48.00 | |
| 100 | @a20170427d2017 em y0chiy50 ea | |
| 101 | 0 | @achi |
| 102 | @aCN@b110000 | |
| 105 | @aak az 000yy | |
| 106 | @ar | |
| 200 | 1 | @a线性代数与解析几何@9xian xing dai shu yu jie xi ji he@f李晓艳, 魏晓娜, 李永军主编 |
| 210 | @a上海@c上海财经大学出版社@d2017.3 | |
| 215 | @a266页@c图@d26cm | |
| 225 | 2 | @a普通高等教育“十三五”规划教材 |
| 320 | @a有书目(第266页) | |
| 330 | @a本书内容包括行列式、矩阵与线性方程组、几何向量与坐标、轨迹与方程、平面与直线、线性空间、特征值与特征向量、二次型与常见的二次曲面,同时附有多个应用教学案例,本书的特点是强调几何与代数的融合,强调从具体到抽象的思维方式,以及从问题出发引入概念与内容的教学模式。 | |
| 461 | 0 | @12001 @a普通高等教育“十三五”规划教材 |
| 606 | 0 | @a线性代数@x高等学校@j教材 |
| 606 | 0 | @a解析几何@x高等学校@j教材 |
| 690 | @aO151.2@v5 | |
| 690 | @aO182@v5 | |
| 701 | 0 | @a李晓艳@9li xiao yan@4主编 |
| 701 | 0 | @a魏晓娜@9wei xiao na@4主编 |
| 701 | 0 | @a李永军@9LI YONG JUN@4主编 |
| 801 | 0 | @aCN@b91MARC@c20171018 |
| 905 | @b1021114-8@dO151.2@f5@e357 | |
| 线性代数与解析几何/李晓艳, 魏晓娜, 李永军主编.-上海:上海财经大学出版社,2017.3 |
| 266页:图;26cm.-(普通高等教育“十三五”规划教材) |
| ISBN 978-7-5642-2673-2:CNY48.00 |
| 本书内容包括行列式、矩阵与线性方程组、几何向量与坐标、轨迹与方程、平面与直线、线性空间、特征值与特征向量、二次型与常见的二次曲面,同时附有多个应用教学案例,本书的特点是强调几何与代数的融合,强调从具体到抽象的思维方式,以及从问题出发引入概念与内容的教学模式。 |
| ● |
| 相关链接 |
|
|
|
|
正题名:线性代数与解析几何
索取号:O151.2/357
 
预约/预借
| 序号 | 登录号 | 条形码 | 馆藏地/架位号 | 状态 | 备注 |
| 1 | 1021114 | 210211144 | 第二样本阅览室/ [索取号:O151.2/357] | 在馆 | |
| 2 | 1021115 | 210211153 | 密集书库-数信学院/ [索取号:O151.2/357] | 在馆 | |
| 3 | 1021116 | 210211162 | 第三借阅区/ [索取号:O151.2/357] | 在馆 | |
| 4 | 1021117 | 210211171 | 第三借阅区/ [索取号:O151.2/357] | 在馆 | |
| 5 | 1021118 | 210211180 | 第三借阅区/ [索取号:O151.2/357] | 在馆 |